File on Coward /
Saved in:
| Hovedforfatter: | |
|---|---|
| Format: | Bog |
| Sprog: | engelsk |
| Udgivet: |
London ; New York :
Methuen,
1987
|
| Serier: | Writer-files
|
| Tags: |
Ingen Tags, Vær først til at tagge denne postø!
|
MARC
| LEADER | 00000nam a22000007i 4500 | ||
|---|---|---|---|
| 001 | IT\ICCU\UBO\1507883 | ||
| 003 | ItRI | ||
| 005 | 20260115231817.0 | ||
| 008 | 011126s1987 xxk|||||| ||||| |||||c | ||
| 020 | |a 0413536408 | ||
| 040 | |b ita |c importazione bologna sebina | ||
| 041 | 7 | |a eng |2 ISO-639-2 | |
| 100 | 1 | |a Russell, Jacqui |0 IT\ICCU\AQ1V\015485 |4 aut | |
| 245 | 1 | 0 | |a File on Coward / |c compiled by Jacqui Russell. |
| 260 | |a London ; |a New York : |b Methuen, |c 1987 | ||
| 300 | |a 96 p. ; |c 19 cm. | ||
| 830 | 0 | |a Writer-files |0 IT\ICCU\PAL\0060740 | |
| 942 | |2 ddc |c BK |n 0 | ||
| 952 | |0 0 |1 0 |4 0 |6 DOC_822_912000000000000_RUS |7 0 |9 13212 |a BO |b BO |d 2026-01-15 |i 4768 |l 0 |o DOC 822.912 RUS |p BO4768 |r 2026-01-15 23:18:17 |w 2026-01-15 |x [Sebina 5] [1 v.] |y BK |z 1 v. | ||
| 999 | |c 11335 |d 11335 | ||